000 01319nam0a22003131 4500
001 RU\INFOCOMM_327\NLR\5000041168
005 20250613111313.0
035 _a(NLR Aleph) 009585293
090 _a9216472
_c9216472
100 _a20130228d1987 |||y0rusy50 ca
101 0 _aeng
102 _aRU
105 _ay z |||||
200 1 _aSemiclassical treatment of a realistic nuclear avoided level-crossing problem
_fB. Milek, R. Reif
210 _aДубна
_cОбъед. ин-т ядер. исслед.
_d1987
215 _a16 с.
_cграф.
_d21 см
225 1 _aСообщения Объединенного института ядерных исследований
_vЕ4-87-475
300 _aНа 3-й с. обл.: Полуклассическое описание реалистической ядерной задачи квазипересечения между двумя термами / Милек Б., Райф Р.
300 _aРез. на рус. яз.
320 _aБиблиогр.: с. 15-16
606 0 _aАтомное ядро
_xЯдерные реакции
_2nlr_sh1
686 _aВ383.51
_2rubbk
700 1 _aMilek
_bB.
701 1 _aReif
_bR.
_gRoland
801 1 _aRU
_bInfocomm
_c20130228
801 0 _aRU
_bINFOCOMM
_gPSBO
852 _aNLR
_jФз01 Д-4/4776
942 _cBOOK
980 _aNB